<?xml version='1.0' encoding='UTF-8'?><?xml-stylesheet href='static/style.xsl' type='text/xsl'?><OAI-PMH xmlns="http://www.openarchives.org/OAI/2.0/" xmlns:xsi="http://www.w3.org/2001/XMLSchema-instance" xsi:schemaLocation="http://www.openarchives.org/OAI/2.0/ http://www.openarchives.org/OAI/2.0/OAI-PMH.xsd"><responseDate>2026-04-29T01:36:04Z</responseDate><request verb="GetRecord" identifier="oai:ebiltegia.mondragon.edu:20.500.11984/6139" metadataPrefix="marc">https://ebiltegia.mondragon.edu/oai/request</request><GetRecord><record><header><identifier>oai:ebiltegia.mondragon.edu:20.500.11984/6139</identifier><datestamp>2024-04-15T15:47:22Z</datestamp><setSpec>com_20.500.11984_460</setSpec><setSpec>col_20.500.11984_469</setSpec></header><metadata><record xmlns="http://www.loc.gov/MARC21/slim" xmlns:dcterms="http://purl.org/dc/terms/" xmlns:xsi="http://www.w3.org/2001/XMLSchema-instance" xmlns:doc="http://www.lyncode.com/xoai" xsi:schemaLocation="http://www.loc.gov/MARC21/slim http://www.loc.gov/standards/marcxml/schema/MARC21slim.xsd">
   <leader>00925njm 22002777a 4500</leader>
   <datafield ind2=" " ind1=" " tag="042">
      <subfield code="a">dc</subfield>
   </datafield>
   <datafield ind2=" " ind1=" " tag="720">
      <subfield code="a">Atutxa, Unai</subfield>
      <subfield code="e">author</subfield>
   </datafield>
   <datafield ind2=" " ind1=" " tag="260">
      <subfield code="c">2022</subfield>
   </datafield>
   <datafield ind2=" " ind1=" " tag="520">
      <subfield code="a">Aiming to reduce the pollution caused by the traditional aircraft, strong research efforts are done towards the aircraft electrification to reduce the fuel usage. Thus, high efficiency, high power density and high reliability are some of the main characteristics expected from the future More Electric Aircraft (MEA), among others. In this context, the development of a High Voltage Direct Current (HVDC)-based aircraft distribution grid with bidirectional power flow capability results an interesting alternative to increase the distribution efficiency, reduce cable weight and provide bidirectional power-flow capability.&#xd;
This PhD thesis focuses on replacing the conventional passive AC/DC converters for a highefficient, high-power-dense, fault-tolerant and bidirectional active modular rectifier architecture which enhances the implementation of a HVDC primary distribution-based MEA Electric Power System (EPS). For that purpose, the potential active AC/DC topologies for the defined application are reviewed and their suitability in MEA applications has been studied. Afterwards, a&#xd;
topology evaluation is performed aiming to find the most suitable active AC/DC topology. &#xd;
Based on the comparison results, three converter configurations are proposed which are used for designing three different active modular architecture which comply with the aviation standards. The three architectures are then compared in terms of efficiency, power density and reliability aiming to identify the most promising solution.&#xd;
Finally, the resulting active modular architecture is integrated into the MEA power system to study its fault-tolerant capability. Thus, two different power system topologies are evaluated considering the integration of the active modular architecture with a proposed comparison methodology focused on efficiency, weight, survivability and fault clearing speed.</subfield>
   </datafield>
   <datafield ind2=" " ind1=" " tag="520">
      <subfield code="a">Ohiko hegazkinek eragindako igorpenak murrizteko helburuarekin, ikerketak egiten ari dira hegazkinen elektrifikazioaren alorrean, hegazkinek erregai gutxiago erabil dezaten. Horrela, asmoa da etorkizuneko Hegazkin Elektrikoagoak (MEA) efizientzia handia, potentzia dentsitate handia eta fidagarritasun handia edukitzea ezaugarri bereizgarri gisa. Testuinguru horretan, proposatzen da HVDC banaketan oinarritutako sistema elektriko bat garatzea, banaketan efizienteagoa izateko, guztirako pisua murrizteko eta ezaugarri gehigarriak - bi norabideko potentzia fluxua, esaterako - emateko aukera gisa.&#xd;
Doktore tesi honen ardatza da AC/DC bihurgailu pasibo tradizionalaren ordez bihurgailu modular aktiboen arkitektura bat jartzea, HVDC banaketa sare bat ezarri ahal izateko eta efizientzia handia eta potentzia dentsitate handia eskaintzeko, gabeziak jasateko gai izateaz gain. Horretarako, AC/DC bihurgailu aktiboen topologiak berrikusi dira eta MEA aplikazioen testuinguruan duten bideragarritasuna aztertu da. Ondoren, konparaziorako azterketa bat egin da, hobekien egokitzen den AC/DC topologia aurkitzeko.&#xd;
Konparazioaren emaitzetatik abiatuta, bihurgailuaren hiru konfigurazio desberdin proposatu dira, eta horiekin MEAren araudiari heltzen dioten hiru arkitektura modular diseinatu dira.&#xd;
Behin diseinatuta, hiru arkitektura horiek alderatu egiten dira aplikaziorako soluziorik egokiena aurkitzeko.&#xd;
Azkenik, bihurgailu aktiboen arkitektura MEAren HVDC sistema elektrikoan txertatzen da, gabeziak jasateko duen gaitasuna aztertzeko. Horrela, bi sistema elektrikori buruzko azterketa konparatiboa proposatu da, biek arkitektura modular aktiboa integratuta dutela kontuan hartuta. Konparazioan proposatutako metodologia, azkenik, eraginkortasunaren, pisuaren, bizirauteko gaitasunaren eta gabezien ebakuazio abiaduraren emaitzak alderatzean oinarritzen da.</subfield>
   </datafield>
   <datafield ind2=" " ind1=" " tag="520">
      <subfield code="a">Con el objetivo de reducir la emisiones causadas por el avión convencional, se están realizando investigaciones en la electrificación del avión para reducir su uso de combustible. De este modo, se pretende que el futuro Avión Más Eléctrico (MEA) se caracterice por una alta eficiencia, una alta densidad de potencia y una alta fiabilidad. Bajo este contexto, el desarrollo de un sistema eléctrico basado en distribución HVDC se propone como una alternativa capaz de mejorar la eficiencia en la distribución, reducir el peso total y proporcionar cualidades adicionales como un flujo de potencia bidireccional.&#xd;
Esta tesis doctoral se centra en el reemplazo del convertidor pasivo AC/DC tradicional por una arquitectura de convertidores modulares activos que permita implementar un red de distribución HVDC y que ofrece una alta eficiencia, alta densidad de potencia y son capaces de soportar faltas. Para ello, se han revisado las diferentes topologías de convertidores AC/DC activos y se ha estudiado su viabilidad en el contexto de aplicaciones MEA. Después se ha realizado un estudio comparativo para encontrar la topología AC/DC que mejor se adapta.&#xd;
Partiendo de los resultados de la comparativa, se han propuesto tres configuraciones de convertidor distintas con las cuales se diseñan tres respectivas arquitecturas modulares que se acogen a la normativa del MEA. Una vez diseñadas, estas tres arquitecturas se comparan para tratar de encontrar la solución más apuesta a la aplicación.&#xd;
Finalmente, la arquitectura de convertidores activos se integra en el sistema eléctrico HVDC del MEA con el objetivo de estudiar su capacidad de tolerar faltas. Así, se ha propuesto el estudio comparativo sobre dos sistemas eléctricos diferentes considerando que ambos tienen integrado la arquitectura modular activa. La metodología propuesta en la comparativa, se centra finalmente en comparar los resultados de eficiencia, peso, capacidad de supervivencia y velocidad de evacuación de falta.</subfield>
   </datafield>
   <datafield ind1="8" ind2=" " tag="024">
      <subfield code="a">https://katalogoa.mondragon.edu/janium-bin/janium_login_opac.pl?find&amp;ficha_no=174259</subfield>
   </datafield>
   <datafield ind1="8" ind2=" " tag="024">
      <subfield code="a">https://hdl.handle.net/20.500.11984/6139</subfield>
   </datafield>
   <datafield tag="653" ind2=" " ind1=" ">
      <subfield code="a">more electric aircraft</subfield>
   </datafield>
   <datafield tag="653" ind2=" " ind1=" ">
      <subfield code="a">AC/DC</subfield>
   </datafield>
   <datafield tag="653" ind2=" " ind1=" ">
      <subfield code="a">Power Converter</subfield>
   </datafield>
   <datafield tag="653" ind2=" " ind1=" ">
      <subfield code="a">Comparison</subfield>
   </datafield>
   <datafield tag="653" ind2=" " ind1=" ">
      <subfield code="a">Protection</subfield>
   </datafield>
   <datafield tag="653" ind2=" " ind1=" ">
      <subfield code="a">Electric Power System</subfield>
   </datafield>
   <datafield tag="653" ind2=" " ind1=" ">
      <subfield code="a">potentzia-bihurgailua</subfield>
   </datafield>
   <datafield tag="653" ind2=" " ind1=" ">
      <subfield code="a">Konparatiba</subfield>
   </datafield>
   <datafield tag="653" ind2=" " ind1=" ">
      <subfield code="a">Babes-Sistemak</subfield>
   </datafield>
   <datafield tag="653" ind2=" " ind1=" ">
      <subfield code="a">Elektrizitate Sistema</subfield>
   </datafield>
   <datafield tag="653" ind2=" " ind1=" ">
      <subfield code="a">Convertidor de Potencia</subfield>
   </datafield>
   <datafield tag="653" ind2=" " ind1=" ">
      <subfield code="a">Comparativa</subfield>
   </datafield>
   <datafield tag="653" ind2=" " ind1=" ">
      <subfield code="a">Sistemas de Protección</subfield>
   </datafield>
   <datafield tag="653" ind2=" " ind1=" ">
      <subfield code="a">Sistema Eléctrico</subfield>
   </datafield>
   <datafield ind2="0" ind1="0" tag="245">
      <subfield code="a">Suitability analysis, design and protection of an active modular rectifier architecture for a more electric aircraft</subfield>
   </datafield>
</record></metadata></record></GetRecord></OAI-PMH>